Religion and power (Record no. 22801)
[ view plain ]
| 000 -LEADER | |
|---|---|
| fixed length control field | 00501cam a22001938i 4500 |
| 020 ## - INTERNATIONAL STANDARD BOOK NUMBER | |
| ISBN | 9781978703544 (cloth : alk. paper) |
| 082 00 - DEWEY DECIMAL CLASSIFICATION NUMBER | |
| Classification number | 261.7 |
| Author Cutter | HAV |
| 100 ## - MAIN ENTRY--AUTHOR NAME | |
| Author name | Havea Jione |
| 245 00 - TITLE STATEMENT | |
| Title | Religion and power |
| 260 ## - PUBLICATION, DISTRIBUTION, ETC. (IMPRINT) | |
| Place of publication | Lanham |
| Name of publisher | Lexington Books |
| Year of publication | 2019 |
| 300 ## - PHYSICAL DESCRIPTION | |
| Number of Pages | 210. pages cm. |
| 490 0# - SERIES STATEMENT | |
| Series statement | Theology in the age of empire |
| 650 #0 - SUBJECT ADDED ENTRY--TOPICAL TERM | |
| Topical Term | Christianity and politics. |
| 650 #0 - SUBJECT ADDED ENTRY--TOPICAL TERM | |
| Topical Term | Religion and politics. |
| 650 #0 - SUBJECT ADDED ENTRY--TOPICAL TERM | |
| Topical Term | Imperialism. |
| 942 ## - ADDED ENTRY ELEMENTS (KOHA) | |
| Koha item type | Books |
| 700 1# - | |
| -- | Havea, Jione, |
| Home library | Current library | Shelving location | Date acquired | Source of acquisition | Full call number | Accession Number | Koha item type |
|---|---|---|---|---|---|---|---|
| Henry Martyn Institute Library | Henry Martyn Institute Library | General stacks | 12/10/2019 | Singapore | 261.7 HAV | 11-4108 | Books |
